| 000 | 00897nam a2200289 a 4500 | ||
|---|---|---|---|
| 999 |
_c3246 _d3246 |
||
| 005 | 20200521144254.0 | ||
| 008 | 140310b2000 xxu||||| |||| 00| 0 eng d | ||
| 040 |
_aCO-BoIAVH _cCO-BoIAVH |
||
| 041 | _aeng | ||
| 044 | _axxu | ||
| 082 | _a630 | ||
| 090 |
_aLB _b03007 |
||
| 100 |
_aLockeretz, Willie _919113 |
||
| 111 |
_aINFOAM Organic Trade Conference _cFlorencia - Italia _doctubre 20-23, 1999 _n6 _919114 |
||
| 245 | _aQuality and communication for the organic market | ||
| 260 |
_aWerbedruck _bIFOAM _c2000 |
||
| 300 | _a265 p. | ||
| 650 |
_aProductos orgánicos _94180 |
||
| 650 |
_aMercados orgánicos _919115 |
||
| 650 |
_aComercio internacional _9103078 |
||
| 650 |
_aAgricultura orgánica _9103079 |
||
| 650 |
_aCertificación ambiental _9103080 |
||
| 650 |
_aMercados verdes _9103081 |
||
| 650 |
_aProductos verdes _94461 |
||
| 700 |
_aGeier, Bernward _919117 |
||
| 942 |
_cLIBRO _2z |
||